[Event "Weihnachtsopen Meister"]
[Site "Zurich SUI"]
[Date "2007.12.28"]
[Round "4"]
[White "Bucher,M"]
[Black "Aerni,A"]
[Result "1/2-1/2"]
[WhiteElo "2346"]
[BlackElo "2049"]

1.d4 d5 2.Nf3 Nf6 3.c4 dxc4 4.e3 e6 5.Bxc4 c5 6.O-O a6 7.a4 Nc6 8.Nc3 Be7
9.Re1 O-O 10.h3 b6 11.d5 Na5 12.Ba2 exd5 13.Nxd5 Bb7 14.Nxe7+ Qxe7 15.Bd2 Rfd8
16.Qe2 Nc6 17.Ng5 Rf8 18.Bc3 h6 19.Bxf6 Qxf6 20.Ne4 Qe5 21.Nc3 Nb4 22.Bc4 Rad8
23.Rad1 Qf6 24.e4 Rfe8 25.e5 Qg6 26.f4 Qc2 27.Rxd8 Rxd8 28.e6 fxe6 29.Qg4 Qd2
30.Bxe6+ Kh8 31.Re2 Qc1+ 32.Kh2 Nd3 33.f5 Qf4+ 34.Qg3 Bc6 35.h4 Rd4 36.h5 Qxg3+
37.Kxg3 Nf4 38.Re5 Nxh5+  1/2-1/2

[Event "Weihnachtsopen Meister"]
[Site "Zurich SUI"]
[Date "2007.12.28"]
[Round "4"]
[White "Pelletier,Y"]
[Black "Domont,A"]
[Result "1-0"]
[WhiteElo "2609"]
[BlackElo "2354"]

1.d4 d5 2.c4 c6 3.Nf3 Nf6 4.e3 e6 5.Bd3 dxc4 6.Bxc4 c5 7.O-O cxd4 8.exd4 Be7
9.Nc3 O-O 10.Re1 Nbd7 11.Bb3 Nb6 12.Qd3 Bd7 13.Bc2 Bc6 14.Bg5 g6 15.Bh6 Re8
16.Ne5 Nbd5 17.Bb3 Bf8 18.Bg5 Bg7 19.Ne4 h6 20.Bxd5 Bxd5 21.Nxf6+ Bxf6 22.Bxh6 Qb6
23.Qe3 Qd6 24.Qf4 Qe7 25.Rac1 Rac8 26.Ng4 Bg7 27.Rxc8 Rxc8 28.Bxg7 Kxg7 29.Qe5+  1-0

[Event "37th Rilton Cup"]
[Site "Stockholm SWE"]
[Date "2007.12.31"]
[Round "5"]
[White "Kockum,A"]
[Black "Livner,A"]
[Result "0-1"]
[WhiteElo "2206"]
[BlackElo "2281"]

1.d4 d5 2.Nf3 Nf6 3.c4 dxc4 4.e3 e6 5.Bxc4 c5 6.O-O a6 7.Bb3 Nc6 8.Nc3 b5
9.Qe2 Bb7 10.Rd1 Na5 11.Bc2 cxd4 12.exd4 Be7 13.Bg5 O-O 14.Qd3 g6 15.Bh6 Re8
16.Ne5 Rc8 17.Rac1 Nc4 18.Nxc4 Rxc4 19.a4 Ng4 20.Bf4 Bg5 21.Qg3 Bxf4 22.Qxf4 Nf6
23.axb5 e5 24.Qg5 Rxd4 25.bxa6 Bxa6 26.h3 Kg7 27.Re1 Qb8 28.Ba4 Re6 29.Rb1 Bd3
30.b3 Bxb1 31.Rxb1 Rd3 32.Rc1 Qb4 33.Na2 Qa3 34.Rc2 Qd6 35.Nc3 Qd4 36.Nb5 Rd1+
37.Kh2 Qa1 38.Qe3 Nh5  0-1

[Event "XIX Open"]
[Site "Villa de Roquetas ESP"]
[Date "2008.01.03"]
[Round "3"]
[White "Ubilava,E"]
[Black "Ivanov,Jo"]
[Result "1/2-1/2"]
[WhiteElo "2544"]
[BlackElo "2371"]

1.d4 d5 2.Nf3 Nf6 3.c4 dxc4 4.e3 e6 5.Bxc4 c5 6.O-O a6 7.Bb3 Nc6 8.Nc3 cxd4
9.exd4 Be7 10.Bf4 O-O 11.Rc1 Na5 12.Bc2 b5 13.d5 exd5 14.Re1 Nc6 15.Bb1 Bb7
16.Bg5 Ne4 17.Bxe7 Nxe7 18.Nxe4 dxe4 19.Ng5 Qxd1 20.Rcxd1 Rfd8 21.Nxe4 Rxd1
22.Rxd1 Bd5 23.a3 Rc8 24.f3 Kf8 25.Kf2 h6 26.Nc3 Bc6 27.Rd6 Ke8 28.Ke3 a5
29.Kd2 b4 30.axb4 axb4 31.Ne2 Bd7 32.Be4 Bc6 33.Bd3 Bd7 34.Nd4 Ra8 35.Bb5 Ra7
36.Rxd7 Rxd7 37.Kd3 Nd5 38.g3 g6 39.Ke4 Ke7 40.Bxd7 Nf6+ 41.Kd3 Nxd7 42.Kc4 Kd6
43.Kxb4 Kd5 44.Kc3 Nc5 45.b4 Na4+ 46.Kb3 Nb6 47.Nc2 h5 48.Kc3 Na4+ 49.Kd3 Nb2+
50.Ke3 f6 51.Na3 g5 52.h4 Nd1+ 53.Kd2 Nb2 54.b5 Na4 55.Nb1 Kd4 56.Na3 Nb6
57.Nc2+ Kc4 58.Ke3 Kxb5 59.Ke4 Nc4 60.Kf5 Nd2 61.f4 gxh4 62.gxh4 Nf3 63.Kxf6 Kc5
64.Ke6 Nxh4  1/2-1/2

[Event "37th Rilton Cup"]
[Site "Stockholm SWE"]
[Date "2008.01.05"]
[Round "9"]
[White "Kockum,A"]
[Black "Stjazhkina,O"]
[Result "1/2-1/2"]
[WhiteElo "2206"]
[BlackElo "2315"]

1.d4 d5 2.Nf3 Nf6 3.c4 dxc4 4.e3 e6 5.Bxc4 c5 6.O-O Nc6 7.Nc3 Be7 8.dxc5 Qxd1
9.Rxd1 Bxc5 10.a3 Ke7 11.b4 Bd6 12.Nb5 Bb8 13.Bb2 Bd7 14.Nbd4 Rd8 15.Nxc6+ Bxc6
16.Rxd8 Kxd8 17.Ne5 Be8 18.f3 Bc7 19.e4 Ke7 20.Kf1 Rc8 21.Bd3 Bb8 22.g3 g6
23.Rd1 Ba4 24.Rd2 Ne8 25.Ng4 f6 26.f4 Bc7 27.e5 f5 28.Ne3 Rd8 29.Ke2 Bb6
30.Bc4 Rc8 31.Bd4 Bxd4 32.Rxd4 Bc6 33.Bb3 b5 34.Rd1 Be4 35.Kd2 h6 36.Nc2 a6
37.Nd4 Rd8 38.Kc3 Nc7 39.Rd2 g5 40.Ne2 Bd5 41.Nd4 gxf4 42.gxf4 Kf7 43.Bd1 Rg8
44.Nc2 Rg1 45.Ne3 Ke7 46.Kd4 Rg8 47.Bc2 Rc8 48.Bxf5 exf5 49.Nxf5+ Ke6 50.Nd6 Rg8
51.f5+ Kd7 52.Kc5 Rg1 53.e6+ Ke7 54.Nc8+ Kf6 55.Kd6 Rc1 56.Kd7 Kxf5 57.Ne7+ Ke4
58.Nxd5 Nxd5 59.Kd6 Nb6 60.e7 Nc8+ 61.Kd7 Nxe7 62.Kxe7 Rc3 63.Rd6 Rxa3 64.Rxh6 Ra4
65.Kd6 a5  1/2-1/2

[Event "37th Rilton Cup"]
[Site "Stockholm SWE"]
[Date "2008.01.05"]
[Round "9"]
[White "Hansen,LB"]
[Black "Livner,A"]
[Result "1/2-1/2"]
[WhiteElo "2572"]
[BlackElo "2281"]

1.d4 d5 2.Nf3 Nf6 3.c4 dxc4 4.e3 e6 5.Bxc4 c5 6.O-O a6 7.b3 cxd4 8.Nxd4 Bd7
9.Nd2 Nc6 10.N2f3 Be7 11.Bb2 O-O 12.Nxc6 Bxc6 13.Ne5 Bd5 14.Bd3 Rc8 15.Qe2 b5
16.Rfd1 Qb6 17.e4 Bb7 18.a4 Rfd8 19.axb5 axb5 20.Kh1 Bc5 21.Rac1 Bd4 22.Bxd4 Qxd4
23.Nf3 Qb4 24.Rxc8 Rxc8 25.e5 Nd5 26.Qe4 Qxe4 27.Bxe4 g6 28.Nd4 b4 29.h4 Rb8
30.Rd2 Nc3 31.Bxb7 Rxb7 32.Nc6 Nd5 33.Rd4 Kg7 34.g3 h6 35.Kg2 Rb6 36.Rc4 g5
37.h5 Rb5 38.Kf3 Kf8 39.Rc1 Ne7 40.Nxe7 Kxe7 41.Rc7+ Kf8 42.Rc8+ Kg7 43.Ke4 Ra5
44.Rc4 Ra1 45.Kf3 Ra5 46.Re4 Rc5 47.Kg4 Rd5 48.f4 gxf4 49.gxf4 Rd1 50.Rxb4 Rg1+
51.Kf3 Rh1 52.Kg4 Rg1+ 53.Kf3 Rh1 54.Kg2 Rxh5 55.Rc4 f6 56.exf6+ Kxf6 57.b4 Rb5
58.Kf3 e5 59.Rc6+ Kf5 60.Rxh6 e4+ 61.Ke3 Rxb4 62.Rh5+ Kf6 63.Re5 Ra4 64.Rxe4 Rxe4+
65.Kxe4  1/2-1/2

[Event "ch-Reykjavik"]
[Site "Reykjavik ISL"]
[Date "2008.01.06"]
[Round "1"]
[White "Johannesson,I"]
[Black "Haraldsson,Sigurjon"]
[Result "1-0"]
[WhiteElo "2338"]
[BlackElo "2046"]

1.d4 d5 2.Nf3 Nf6 3.c4 dxc4 4.e3 e6 5.Bxc4 c5 6.O-O a6 7.a4 Nc6 8.Nc3 Qc7
9.Qe2 Bd6 10.h3 O-O 11.Rd1 Na5 12.Ba2 b6 13.e4 cxd4 14.Nxd4 Bc5 15.e5 Nd7
16.Bf4 Nc6 17.Nf3 Rd8 18.Rac1 Nf8 19.Rxd8 Qxd8 20.Qd1 Qc7 21.Ne4 Ng6 22.Bg3 Nb4
23.Bb1 Bb7 24.h4 Ne7 25.Nd6 h6 26.Nd2 Bc6 27.Qg4 Rf8 28.b3 Bd5 29.h5 Nec6
30.Bf4 Kh8 31.N2e4 f6 32.exf6 gxf6 33.Ne8 Qe7 34.N8xf6 Rxf6 35.Nxf6 Qxf6
36.Qg3 Qg7 37.Bg6 Be7 38.Qe3 Bc5 39.Qg3 Be7 40.Re1 Bf6 41.Be3 Ne7 42.Qb8+ Qg8
43.Qf4 Qg7 44.Qxb4 Nxg6 45.hxg6 Qxg6 46.f3 Bxf3 47.Qd2 Bd5 48.Bxb6 Qg7 49.Rf1 Bc3
50.Qf2 Kh7 51.Rc1 Be5 52.b4 Qf6 53.Rc7+ Kg6 54.Qc2+ Qf5 55.Qxf5+ Kxf5 56.Rh7 Bc3
57.Bc5 a5 58.b5 Bb3 59.b6  1-0

[Event "TCh-AUT 1st Bundesliga 2007-8"]
[Site "Jenbach AUT"]
[Date "2008.01.11"]
[Round "5"]
[White "Naumann,A"]
[Black "Sprenger,J"]
[Result "1-0"]
[WhiteElo "2541"]
[BlackElo "2537"]

1.d4 d5 2.Nf3 Nf6 3.c4 dxc4 4.e3 e6 5.Bxc4 c5 6.O-O Nc6 7.Qe2 cxd4 8.Rd1 Be7
9.Nc3 e5 10.exd4 exd4 11.Be3 Bg4 12.Nb5 Bxf3 13.Qxf3 Bc5 14.Qf5 Bb6 15.Nxd4 Bxd4
16.Bxd4 Nxd4 17.Bb5+ Kf8 18.Qc5+ Qe7 19.Qxd4 a6 20.Ba4 g6 21.Re1 Qd8 22.Re8+  1-0

[Event "ch-Reykjavik"]
[Site "Reykjavik ISL"]
[Date "2008.01.18"]
[Round "6"]
[White "Benediktsson,F"]
[Black "Fridthjofsdottir,S"]
[Result "1-0"]
[WhiteElo "1950"]
[BlackElo "1829"]

1.d4 d5 2.c4 dxc4 3.Nf3 Nf6 4.e3 e6 5.Bxc4 c5 6.O-O a6 7.a4 Nc6 8.Qe2 cxd4
9.Rd1 Nb4 10.Nc3 Be7 11.exd4 O-O 12.Bg5 Re8 13.Ne5 Nfd5 14.Bxe7 Rxe7 15.Rac1 Bd7
16.Bxd5 exd5 17.Qf3 Be6 18.Nd3 Nxd3 19.Rxd3 Rc8 20.Rcd1 Qd7 21.h3 Rce8 22.Kh2 b5
23.axb5 axb5 24.R3d2 b4 25.Ne2 Rc8 26.Ng3 Qd6 27.Kg1 Rec7 28.Nf5 Bxf5 29.Qxf5 b3
30.Rd3 Rc1 31.Qf3 Rxd1+ 32.Qxd1 g6 33.Rxb3 Qf4 34.Rc3 Rb8 35.b3 Rb4 36.Rd3 Qb8
37.Qf3 Qb7 38.Qe3 Qb8 39.g3 Rb7 40.Rc3 Ra7 41.Qe5 Qxe5 42.dxe5 d4 43.Rd3 Rd7
44.f4 Kf8 45.Kf2 Ke7 46.Kf3 Rb7 47.Ke4 Ke6 48.Kxd4 Rb4+ 49.Kc3 Re4 50.b4 Re1
51.Kc4 Rc1+ 52.Kb5 Kf5 53.Kb6 Rc4 54.Rd7 Rc3 55.Rxf7+  1-0

[Event "IMB1"]
[Site "Marianske Lazne CZE"]
[Date "2008.01.23"]
[Round "6"]
[White "Plischki,S"]
[Black "Semcesen,D"]
[Result "1-0"]
[WhiteElo "2358"]
[BlackElo "2349"]

1.d4 d5 2.c4 dxc4 3.Nf3 Nf6 4.e3 e6 5.Bxc4 c5 6.O-O a6 7.a4 Nc6 8.Qe2 Qc7
9.Rd1 Bd6 10.dxc5 Bxc5 11.b3 O-O 12.Bb2 b6 13.Nbd2 Bb7 14.Rac1 Qe7 15.Ng5 Ba3
16.Nde4 Nxe4 17.Nxe4 Na5 18.Rd7 Bxe4 19.Rxe7 Bxe7 20.Bd3 Bxd3 21.Qxd3 Rfd8
22.Qc2 Bf8 23.g3 b5 24.Bd4 bxa4 25.bxa4 Rab8 26.Qe2 Nb3 27.Rc7 Nxd4 28.exd4 a5
29.Qh5 Rxd4 30.Qxa5 Rbd8 31.Qa7 f6 32.a5 Rd1+ 33.Kg2 Re8 34.a6 Rdd8 35.Qb7 Ra8
36.a7 e5 37.Qb5 Red8 38.Rb7 Bd6 39.Qd5+ Kh8 40.Rd7  1-0

[Event "GMA1"]
[Site "Marianske Lazne CZE"]
[Date "2008.01.24"]
[Round "7"]
[White "Vavrak,P"]
[Black "Rasmussen,A"]
[Result "1/2-1/2"]
[WhiteElo "2472"]
[BlackElo "2468"]

1.Nf3 d5 2.d4 Nf6 3.c4 dxc4 4.e3 e6 5.Bxc4 c5 6.O-O a6 7.Bb3 cxd4 8.exd4 Nc6
9.Nc3 Be7 10.a3 O-O 11.Re1 Na5 12.Bc2 b5 13.d5 Re8 14.Nd4 exd5 15.Bg5 h6
16.Bh4 g5 17.Bg3 Bf8 18.Rxe8 Qxe8 19.h4 g4 20.Qd3 Bg7 21.f3 Ra7 22.Nf5 Bxf5
23.Qxf5 Nc4 24.Nxd5 Nxd5 25.Qxd5 Qd7 26.Rd1 Qxd5 27.Rxd5 Bxb2 28.a4 gxf3
29.gxf3 Kg7 30.axb5 Ne3 31.b6 Rb7 32.Rd2 Nxc2 33.Rxc2 Bd4+ 34.Bf2 Bxf2+ 35.Kxf2 Rxb6
36.Ra2 Kf6 37.Ra5 Ke7 38.Kg3 Rf6 39.f4 Kd7 40.f5 Kc7 41.Kf4 Kb6 42.Re5 Rc6
43.Re7 Rc7 44.f6 a5 45.Kg4 Kc6 46.Re5 Kb6 47.Re7 Kc6 48.Re5 Kb6  1/2-1/2

[Event "6th ch-PriFO Men"]
[Site "Kazan RUS"]
[Date "2008.01.29"]
[Round "7"]
[White "Tunik,G"]
[Black "Skomorokhin,R"]
[Result "1-0"]
[WhiteElo "2473"]
[BlackElo "2378"]

1.d4 d5 2.c4 dxc4 3.Nf3 e6 4.e3 Nf6 5.Bxc4 c5 6.O-O a6 7.dxc5 Qxd1 8.Rxd1 Bxc5
9.Nbd2 Nbd7 10.Be2 b6 11.Nc4 Bb7 12.Bd2 O-O 13.Be1 Rfc8 14.Rac1 Be7 15.Nd4 g6
16.f3 e5 17.Nb3 a5 18.Na3 a4 19.Nd2 Bc5 20.Bf2 e4 21.Ndc4 Bd5 22.Nb5 Nf8
23.a3 Ne6 24.f4 Rd8 25.Nc3 Bxc4 26.Bxc4 Rxd1+ 27.Nxd1 Ng4 28.Bxe6 fxe6 29.h3 Nxf2
30.Kxf2 e5 31.fxe5 Re8 32.Nc3 Rxe5 33.Nxa4 Kf7 34.b4 Be7 35.Nxb6 Re6 36.Nc4 Ke8
37.b5 Rf6+ 38.Ke2 Rf5 39.a4 Kd7 40.Nd2 Rg5 41.g4 h5 42.Nxe4 Re5 43.Kd3  1-0

[Event "6th ch-PriFO Men"]
[Site "Kazan RUS"]
[Date "2008.01.31"]
[Round "9"]
[White "Konnov,O"]
[Black "Skomorokhin,R"]
[Result "0-1"]
[WhiteElo "2325"]
[BlackElo "2378"]

1.d4 d5 2.c4 dxc4 3.Nf3 e6 4.e3 Nf6 5.Bxc4 c5 6.O-O a6 7.dxc5 Qxd1 8.Rxd1 Bxc5
9.Nbd2 b6 10.Be2 Nbd7 11.Nb3 Be7 12.Nfd4 Bb7 13.f3 O-O 14.e4 Rfc8 15.Be3 Kf8
16.Rac1 Ke8 17.Kf2 g6 18.Rxc8+ Rxc8 19.Rc1 Rxc1 20.Bxc1 Bd6 21.h3 Nh5 22.Be3 Bg3+
23.Kg1 Bf4 24.Kf2 Bg3+ 25.Kg1 Bf4 26.Kf2 Bxe3+ 27.Kxe3 e5 28.Nc2 Nf4 29.Bf1 Ke7
30.Nd2 f5 31.Nb4 fxe4 32.Nxe4 a5 33.Nd3 Nd5+ 34.Kf2 h6 35.h4 Nc7 36.Ke3 Bxe4
37.fxe4 Ne6 38.Nf2 Nf6 39.a3 Kd6 40.Bc4 Nd4 41.Bf7 g5 42.hxg5 hxg5 43.Nh3 Ke7
44.Ba2 Ng4+ 45.Kd2 Kf6 46.Bc4 Kg6 47.Be2 Nf6 48.Nf2 Nd7 49.Bd1 Kf6 50.b4 Ke7
51.Nh3 Kf6 52.Nf2 Nf8 53.bxa5 bxa5 54.Nd3 Nfe6 55.g3 Nb5 56.a4 Nd6 57.Ke3 Nc4+
58.Kf2 Nd4 59.Bg4 Ke7 60.Bd1 Kd6 61.Bg4 Nb3 62.Ke2 Nc5 63.Nxc5 Kxc5 64.Be6 Kd4
65.Bd5 Nd6 66.Kf3 Nxe4 67.Bxe4 g4+ 68.Kxg4 Kxe4 69.Kh5 Kd4 70.g4 e4 71.g5 e3
72.g6 e2 73.g7 e1=Q 74.g8=Q Qh1+ 75.Kg6 Qg2+ 76.Kf7 Qxg8+ 77.Kxg8 Kc4 78.Kf7 Kb4
79.Ke6 Kxa4 80.Kd5 Kb3  0-1

[Event "4th Open C Women"]
[Site "Moscow RUS"]
[Date "2008.02.02"]
[Round "1"]
[White "Danielian,E"]
[Black "Yakovich,Yul"]
[Result "1-0"]
[WhiteElo "2480"]
[BlackElo "2130"]

1.d4 d5 2.Nf3 Nf6 3.c4 dxc4 4.e3 e6 5.Bxc4 c5 6.O-O a6 7.Bd3 b5 8.e4 cxd4
9.e5 Nd5 10.Bg5 Be7 11.Bxe7 Qxe7 12.a4 bxa4 13.Qxa4+ Nd7 14.Qxd4 Bb7 15.Nbd2 Nb4
16.Bb1 O-O 17.Ra3 Rac8 18.Qg4 f5 19.exf6 Nxf6 20.Qh4 Nc2 21.Rc3 Rxc3 22.bxc3 Na3
23.Bxh7+ Kf7 24.Ne5+ Ke8 25.Ng6 Qd6 26.Nxf8 Kxf8 27.Be4 Nxe4 28.Nxe4 Qd5
29.f3 Nc4 30.Ng5 Nd2 31.Qf4+ Ke7 32.Qc7+ Kf6 33.Ne4+  1-0

[Event "4th Open C Women"]
[Site "Moscow RUS"]
[Date "2008.02.06"]
[Round "5"]
[White "Shaidullina,S"]
[Black "Yakovich,Yul"]
[Result "0-1"]
[WhiteElo "2306"]
[BlackElo "2130"]

1.d4 d5 2.Nf3 Nf6 3.c4 dxc4 4.e3 e6 5.Bxc4 c5 6.O-O a6 7.Bb3 Nbd7 8.e4 Nxe4
9.Re1 Nef6 10.d5 Nb6 11.dxe6 Bxe6 12.Qxd8+ Rxd8 13.Bxe6 fxe6 14.Ng5 e5 15.Rxe5+ Be7
16.Nc3 Rd7 17.Ne6 Kf7 18.Nxc5 Bxc5 19.Rxc5 Na4 20.Be3 Nxc5 21.Bxc5 Rd2 22.Rb1 Rc8
23.Be3 Rd3 24.Bg5 h6 25.Bxf6 Kxf6 26.Kf1 Rc4 27.Ke2 Rd7 28.f3 b5 29.a3 Kf7
30.g4 Rd8  0-1

[Event "Velammal 45th National A ch-IND"]
[Site "Chennai IND"]
[Date "2008.02.11"]
[Round "9"]
[White "Mohota,N"]
[Black "Sundararajan,K"]
[Result "1/2-1/2"]
[WhiteElo "2409"]
[BlackElo "2442"]

1.d4 d5 2.Nf3 Nf6 3.c4 dxc4 4.e3 e6 5.Bxc4 c5 6.O-O a6 7.dxc5 Qxd1 8.Rxd1 Bxc5
9.b3 Nbd7 10.Bb2 O-O 11.Nbd2 b6 12.Ne5 Nxe5 13.Bxe5 Bb7 14.Be2 Rfd8 15.a3 Rac8
16.b4 Be7 17.Nc4 b5 18.Rxd8+ Rxd8 19.Na5 Bd5  1/2-1/2

[Event "XXIII Open"]
[Site "Reykjavik ISL"]
[Date "2008.03.05"]
[Round "3"]
[White "Popovic,Milo2"]
[Black "Kristjansson,A"]
[Result "0-1"]
[WhiteElo "2405"]
[BlackElo "2019"]

1.d4 d5 2.c4 dxc4 3.e3 Nf6 4.Bxc4 e6 5.Nf3 c5 6.O-O a6 7.Nc3 b5 8.Bd3 Bb7
9.Qe2 Nbd7 10.Rd1 Qb8 11.Ne5 c4 12.Nxd7 Nxd7 13.Bc2 Be7 14.d5 exd5 15.Nxd5 Bxd5
16.Rxd5 Nb6 17.Rd1 O-O 18.e4 Qc7 19.e5 Rfd8 20.Re1 Bb4 21.Rf1 Bc5 22.Qe4 g6
23.Bg5 Rd4 24.Qe2 Re8 25.Rae1 Nd7 26.Be3 Qxe5 27.Qf3 Bf8 28.Bxd4 Qxe1 29.Bf5 Ne5
30.Qg3 Qe2 31.f4 Nd3 32.h4 Rd8 33.Bg4 Qe7 34.Bb6 Rd6 35.Be3 Bg7 36.Kh1 h5
37.Bd1 f5 38.b3 c3 39.b4 Kh7 40.Bb3 Rd8 41.Bb6 Qe2 42.Rf3 Rd7 43.Kh2 c2 44.Re3 Qg4
45.Bxc2 Nxb4 46.Qxg4 hxg4 47.Bb3 Nd5 48.Re6 Nxf4 49.Re8 Nh5 50.Bg8+ Kh6 51.g3 Rd2+
52.Kg1 Bd4+ 53.Bxd4 Rxd4 54.Re7 Nf6 55.Bb3 Rd6 56.Be6 Rd3 57.Ra7 Rxg3+ 58.Kf1 Ra3
59.Bb3 a5 60.Ra6 Nh5 61.Bf7 Nf4 62.Ra7 Kh5 63.Bxg6+ Kxg6  0-1

[Event "58th ch-RUS w 1st liga"]
[Site "Smolensk RUS"]
[Date "2008.03.05"]
[Round "8"]
[White "Lupik,M"]
[Black "Travkina,A"]
[Result "1/2-1/2"]
[WhiteElo "2222"]
[BlackElo "2083"]

1.d4 d5 2.c4 dxc4 3.Nf3 Nf6 4.e3 e6 5.Bxc4 c5 6.O-O a6 7.Qe2 b5 8.Bd3 Bb7
9.dxc5 Nc6 10.Rd1 Qc7 11.a4 b4 12.Nbd2 Bxc5 13.b3 Ne5 14.Nxe5 Qxe5 15.Rb1 O-O
16.Bb2 Qg5 17.Nf3 Qh6 18.Rbc1 Bb6 19.Be5 a5 20.Bf4 Qh5 21.e4 Qg4 22.Bd6 Rfd8
23.h3 Qh5 24.Bf4 Nd7 25.Bb1 Ba6 26.Qb2 Nc5 27.Be3 Bb7 28.Bd4 f6 29.Qe2 Rac8
30.Qe3 e5 31.Bxc5 Rxd1+ 32.Rxd1 Bxc5 33.Qe2 Qf7 34.Bd3 Qe7 35.Bc4+ Kh8 36.Ne1 Rd8
37.Rxd8+ Qxd8 38.Nc2 Qa8 39.Bd3 Qg8 40.Bc4 Qa8 41.Bd3 Qg8 42.Bc4  1/2-1/2

[Event "FSGM March"]
[Site "Budapest HUN"]
[Date "2008.03.06"]
[Round "5"]
[White "Bui Vinh"]
[Black "Fodor,T jr"]
[Result "1/2-1/2"]
[WhiteElo "2482"]
[BlackElo "2407"]

1.d4 d5 2.Nf3 Nf6 3.c4 dxc4 4.e3 e6 5.Bxc4 c5 6.O-O a6 7.Bb3 Nc6 8.Nc3 Qc7
9.Qe2 Bd6 10.Rd1 O-O 11.h3 b6 12.dxc5 Bxc5 13.e4 Nd7 14.Na4 Be7 15.Be3 b5
16.Nc3 Bb7 17.Rac1 Bf6 18.Nd5 exd5 19.exd5 Rac8 20.dxc6 Bxc6 21.Nd4 Bxd4
22.Bxd4 Qf4 23.Qg4 Qxg4 24.hxg4 Rfe8 25.Re1 Rxe1+ 26.Rxe1 Kf8 27.f3 a5 28.a3 h6
29.Kf2 Bb7 30.Rd1 a4 31.Ba2 Nc5 32.Kg3 Ne6 33.Bc3 Rd8 34.Bb4+ Ke8 35.Re1 Bd5
36.Bb1 Kd7 37.Ba5 Rb8 38.Rd1 Kc6 39.Bc3 f6 40.Re1 Kd7 41.Bf5 Re8 42.Bb4 Kc6
43.Bg6 Rc8 44.Bf7 Nc5 45.Be8+ Kb6 46.Re7 Na6 47.Bc3 Rc7 48.Re1 Bc4 49.Rd1 Nc5
50.Rd6+ Kb7 51.Ba5 Rc8 52.Bg6 Rc6 53.Rd8 Rc8 54.Rd1 Kc6 55.Bb4 Rg8 56.Bc3 Rc8
57.Re1 Ne6 58.Bf5 Re8 59.Bb4 Nc7 60.Rxe8 Nxe8 61.Bf8 Bf7 62.Be4+ Kc7 63.Bd3 Kc6
64.Kf2 h5 65.gxh5 Bxh5 66.Ke3 Bf7 67.Kd2 g6 68.Kc3 f5 69.Kd4 Nf6 70.Bb4 Nd7
71.g4 Be6 72.g5 Bf7 73.f4 Nb6 74.Be2 Bd5 75.Be1 Nc4 76.Kc3 Nd6 77.Kd4 Nc4
78.Bc3 Nb6 79.Bd1 Nd7 80.Ke3 Nb6 81.Bc2 Nc4+ 82.Kd4 Nb6 83.Bd1 Nc4 84.Be2 Nb6
85.Bd3 Nc4 86.Be2 Nb6 87.Ba5 Nc4 88.Bd8 Kd6 89.Kc3 Kc5 90.Be7+ Kb6 91.Kb4 Kc6
92.Bf6 Nd6 93.Bd4 Nc4 94.Bd1 Nd6 95.Ka5 Bc4 96.Be5 Ne4 97.Kb4 Nc5 98.Bf3+ Ne4
99.Bd4 Kd5 100.Bc3 Kc6 101.Ka5 Kb7 102.Bd4 Bd3  1/2-1/2

[Event "TCh-FIN 2007-8"]
[Site "Finland FIN"]
[Date "2008.03.08"]
[Round "8"]
[White "Vainio,V"]
[Black "Verkasalo,T"]
[Result "1/2-1/2"]
[WhiteElo "2217"]
[BlackElo "2103"]

1.d4 Nf6 2.Nf3 c5 3.e3 d5 4.c4 dxc4 5.Bxc4 e6 6.Nc3 a6 7.a4 Nc6 8.O-O cxd4
9.exd4 Be7 10.Be3 Nb4 11.Ne5 O-O 12.Nd3 Nbd5 13.Nf4 Nxf4 14.Bxf4 Qa5 15.Qb3 Qb4
16.Rfe1 Bd7 17.Re3 Rac8 18.Qxb4 Bxb4 19.Bb3 Bc6 20.Bg5 Rfd8 21.Rd1 Rd7 22.Bxf6 gxf6
23.h3 Rcd8 24.Red3 Kf8 25.Ne2 Bc5 26.d5 Bxd5 27.Bxd5 Rxd5 28.Rxd5 Rxd5 29.Rxd5 exd5
30.Nf4 d4 31.Kf1 Ke7 32.Ke2 Kd6 33.Kd3 Ke5 34.Ne2 Kd5 35.Nf4+ Ke5 36.Ne2 Bb6
37.f3 Kd5 38.b3 Bc5 39.Nf4+ Ke5 40.Ne2 Kd5 41.Nf4+ Ke5 42.Ne2 Kd5  1/2-1/2

[Event "KNSB TCh-NED 2007-8"]
[Site "Netherlands NED"]
[Date "2008.03.08"]
[Round "7"]
[White "Richter,Ch"]
[Black "Cardon,H"]
[Result "1/2-1/2"]
[WhiteElo "2396"]
[BlackElo "2399"]

1.d4 d5 2.Nf3 Nf6 3.c4 dxc4 4.e3 e6 5.Bxc4 c5 6.O-O a6 7.dxc5 Qxd1 8.Rxd1 Bxc5
9.Kf1 Nbd7 10.Nbd2 b6 11.Nb3 Be7 12.Be2 Bb7 13.Nfd2 O-O 14.Nc4 Bd5 15.f3 Rfc8
16.Nbd2 b5 17.Na5 e5 18.a4 Rab8 19.e4 Be6 20.axb5 axb5 21.Ndb3 Nc5 22.Nxc5 Bxc5
23.Bd2  1/2-1/2

[Event "XXIII Open"]
[Site "Reykjavik ISL"]
[Date "2008.03.11"]
[Round "9"]
[White "Halldorsson,J"]
[Black "Kristjansson,A"]
[Result "1-0"]
[WhiteElo "2174"]
[BlackElo "2019"]

1.d4 d5 2.c4 dxc4 3.Nf3 Nf6 4.e3 e6 5.Bxc4 c5 6.Qe2 a6 7.dxc5 Bxc5 8.O-O O-O
9.e4 Nc6 10.Nc3 Ng4 11.h3 Nge5 12.Nxe5 Nxe5 13.Rd1 Qe7 14.Bb3 b5 15.Be3 Bb7
16.Bd4 Ng6 17.Qe3 Rac8 18.Rac1 Bxd4 19.Rxd4 e5 20.Rdd1 Nf4 21.Kh2 Rfd8 22.g3 Ne6
23.Nd5 Qf8 24.Rxc8 Rxc8 25.Nb6 Rd8 26.Nd7 Qe7 27.Nxe5 Rxd1 28.Bxd1 Nc5 29.Nf3 Nxe4
30.Nd2 Qc5 31.Bf3 Qxe3 32.fxe3 f5 33.g4 g6 34.Bxe4 fxe4 35.g5 Kf7 36.Kg3 Ke6
37.Kf4 Kd5 38.Nxe4 Bc8 39.h4 Bf5 40.Nf6+ Kc4 41.e4 Be6 42.Ke5 Bf7 43.Nxh7 Kb4
44.Nf8 a5 45.Kd4 Bxa2 46.Nxg6 Kb3 47.Ne7 Kxb2 48.h5 Ka3 49.h6 b4 50.h7 b3
51.Nd5 b2 52.Nc3 a4 53.h8=Q Bb3 54.Qf8+  1-0

[Event "ch-Siberia"]
[Site "Novokuznetsk RUS"]
[Date "2008.03.16"]
[Round "4"]
[White "Iskusnyh,S"]
[Black "Belozerov,A"]
[Result "1-0"]
[WhiteElo "2478"]
[BlackElo "2538"]

1.d4 d5 2.c4 dxc4 3.Nf3 Nf6 4.e3 e6 5.Bxc4 c5 6.O-O a6 7.Bb3 Nc6 8.Qe2 cxd4
9.Rd1 d3 10.Rxd3 Qc7 11.Nc3 Bc5 12.Rd1 O-O 13.Bd2 Bd7 14.Rac1 Ba7 15.Qc4 Rfd8
16.Ne4 Nd5 17.Ng3 Be8 18.Nh5 Rac8 19.Nxg7 Kxg7 20.Qg4+ Kf8 21.e4 Nf6 22.Bh6+ Ke7
23.Qg7 Bxf2+ 24.Kh1 Rd6 25.e5 Rxd1+ 26.Rxd1 Nd5 27.Bxd5 exd5 28.Qf6+  1-0

[Event "ch-Siberia"]
[Site "Novokuznetsk RUS"]
[Date "2008.03.19"]
[Round "7"]
[White "Zablotsky,S"]
[Black "Nevostrujev,V"]
[Result "1/2-1/2"]
[WhiteElo "2515"]
[BlackElo "2469"]

1.d4 Nf6 2.Nf3 d5 3.c4 dxc4 4.e3 e6 5.Bxc4 c5 6.O-O a6 7.dxc5 Bxc5 8.Qxd8+ Kxd8
9.Nbd2 Ke7 10.Be2 Bd7 11.Ne5 Bb5 12.Nec4 Nc6 13.b3 Rhd8 14.a4 Bxc4 15.Nxc4 Nd5  1/2-1/2

[Event "ch-Siberia"]
[Site "Novokuznetsk RUS"]
[Date "2008.03.20"]
[Round "8"]
[White "Kiriakov,P"]
[Black "Nevostrujev,V"]
[Result "1-0"]
[WhiteElo "2545"]
[BlackElo "2469"]

1.d4 d5 2.c4 dxc4 3.e3 Nf6 4.Bxc4 e6 5.Nf3 c5 6.O-O a6 7.dxc5 Bxc5 8.Qxd8+ Kxd8
9.Nbd2 Ke7 10.Be2 Bd7 11.a3 Rc8 12.b3 b5 13.Bb2 Ra7 14.Ne5 Rac7 15.Nxd7 Nbxd7
16.Rfc1 Bd6 17.Rxc7 Rxc7 18.Rc1 Rxc1+ 19.Bxc1 Nd5 20.Ne4 Nc5 21.Nxc5 Bxc5
22.Bb2 g6 23.g3 Kd7 24.Kg2 Kc6 25.Kf3 Be7 26.e4 Nb6 27.Bd1 Nd7 28.Ke3 Bc5+
29.Ke2 Nb6 30.f3 a5 31.a4 Bd6 32.Bc2 bxa4 33.bxa4 Nc4 34.Bc3 Bb4 35.Bf6 Nb6
36.Bd4 Bc5 37.Bc3 Bb4 38.Bg7 Kc5 39.Kd3 Kc6 40.Bd4 Nd7 41.f4 Bc5 42.Bc3 Kb6
43.Kc4 Bg1 44.h3 Bf2 45.g4 Be3 46.Bd4+ Bxd4 47.Kxd4 Kc6 48.Bd3 Kd6 49.e5+ Kc7
50.Bb5 Nb6 51.Be8 Nd5 52.f5 gxf5 53.gxf5 Nf4 54.f6 Nxh3 55.Bxf7 Kd7 56.Ke3 h6
57.Bg6 Ng5 58.Kf4 Kd8 59.Kg3 Kd7 60.Kg4 Kd8 61.Kh5 Nf3 62.Kxh6 Nxe5 63.Kg7 Nd7
64.Bd3 Nxf6 65.Kxf6 Kd7 66.Bc4  1-0

[Event "20th Festival"]
[Site "Lenk SUI"]
[Date "2008.03.21"]
[Round "2"]
[White "Rindlisbacher,J"]
[Black "Aerni,A"]
[Result "1-0"]
[WhiteElo "1919"]
[BlackElo "2062"]

1.d4 d5 2.c4 dxc4 3.Nf3 Nf6 4.e3 e6 5.Bxc4 c5 6.O-O a6 7.b3 b5 8.Be2 Bb7
9.Bb2 Nbd7 10.Nbd2 Be7 11.Rc1 O-O 12.Qc2 Rc8 13.Qb1 Qb6 14.Bd3 h6 15.Ba1 Nd5
16.Ne4 Nb4 17.dxc5 Nxc5 18.Nxc5 Bxc5 19.Bh7+ Kh8 20.Ne5 f5 21.Qb2 Rc7 22.Bg6 Bd6
23.Rxc7 Qxc7 24.Rc1 Qe7 25.Rd1 Qg5 26.f4 Bxe5 27.fxg5 Bxb2 28.Bxb2 e5 29.gxh6 gxh6
30.Bxe5+ Kg8 31.Rd7 Rc8 32.Bf7+ Kh7 33.Be6+  1-0

[Event "ch-DEN"]
[Site "Silkeborg DEN"]
[Date "2008.03.21"]
[Round "7"]
[White "Lund,E"]
[Black "Matthiesen,A"]
[Result "1/2-1/2"]
[WhiteElo "2403"]
[BlackElo "2327"]

1.d4 d5 2.c4 c6 3.Nf3 Nf6 4.e3 e6 5.Bd3 dxc4 6.Bxc4 c5 7.O-O a6 8.a4 Nc6
9.Qe2 Qc7 10.Nbd2 Bd6 11.dxc5 Bxc5 12.e4 Ng4 13.b3 O-O 14.Bb2 Bd4 15.Ba3 Bxa1
16.Bxf8 Bb2 17.Bc5 b6 18.Rb1 Bd4 19.Bxd4 Nxd4 20.Qd3 Nc6 21.h3 Nge5 22.Qe3 Bb7
23.Bf1 Nd7 24.b4 a5 25.bxa5 Nxa5 26.Bb5  1/2-1/2

[Event "SCT Ladies Open"]
[Site "Stockholm SWE"]
[Date "2008.03.21"]
[Round "2"]
[White "Shaidullina,S"]
[Black "Danielian,E"]
[Result "1/2-1/2"]
[WhiteElo "2306"]
[BlackElo "2480"]

1.d4 d5 2.Nf3 Nf6 3.c4 dxc4 4.e3 e6 5.Bxc4 c5 6.O-O a6 7.Bb3 b5 8.a4 b4 9.Nbd2 Bb7
10.e4 Be7 11.e5 Nfd7 12.Nc4 cxd4 13.Bg5 O-O 14.Bxe7 Qxe7 15.Na5 Bxf3 16.Qxf3 Ra7
17.Rfd1 Qc5 18.Nc4 Nxe5 19.Nxe5 Qxe5 20.Rac1 a5 21.Qd3 Rc7 22.Rxc7 Qxc7 23.Qxd4 Rc8
24.Bc4 Nc6 25.Qc5 g6 26.Ba6 Ne7 27.Qd4 Rb8 28.g3 Qc2 29.Qd6 Nc6 30.Rd2 Qb1+
31.Rd1 Qc2 32.Rd2 Qe4 33.Re2 Qd5 34.Rd2 Qxd6 35.Rxd6 Ne7 36.Rd7 Nd5 37.Ra7 Nb6
38.Bb5 Ra8 39.Rb7 Nd5 40.Bc6 Nf6 41.Rc7 Rd8 42.Ra7 Rd1+ 43.Kg2 Rc1 44.Bb5 Rc2
45.Rxa5 Rxb2 46.Ra8+ Kg7 47.a5 b3 48.a6 Nd5 49.Rb8 Ra2 50.Bd3 b2 51.Rb3 Nc7
52.Bb1 Rxa6 53.Rxb2 g5 54.Rb7 Nd5 55.Bd3 Ra2 56.Kf1 Ra1+ 57.Kg2 Rc1 58.h3 h5
59.Be4 Nf6 60.Bd3 Rc3 61.Bb1 Ra3 62.Rb5 Kh6 63.Rb7 Kg7 64.Rb5 Nd5 65.Bc2 h4
66.Bb3 Nc3 67.Rb7 Kf6 68.gxh4 gxh4 69.Rb4 Ke5 70.Bc2 Ra2 71.Bh7 f5 72.Rxh4 Ne4
73.Kg1 Nxf2 74.Rh6 Kf4 75.Rxe6 Nxh3+ 76.Kf1 Rh2 77.Re2 Rh1+ 78.Kg2 Rg1+ 79.Kxh3 Kf3
80.Ra2 Rh1+  1/2-1/2